| 000 | 01232cab a2200205 4500 | ||
|---|---|---|---|
| 001 | ##L134921 | ||
| 008 | 060911n2006 000 0 eng u | ||
| 035 | _a(Sirsi) u134921 | ||
| 041 | 0 | _aeng | |
| 110 | 2 |
_aRoyal Institution of Chartered Surveyors _bPublic Affairs _94679 |
|
| 245 | 0 | 0 | _aHome truths |
| 260 | _c2006 | ||
| 490 | 0 |
_aRICS Press Release _v(PR095) 7 September 2006 |
|
| 520 | _aRICS has published a survey which rates common types of home improvement according to the percentage increase in value they are likely to add to a property. Money spent on home improvements does not automatically increase the value of property. RICS recommends taking professional advice before commencing home improvements. RICS has also published an information leaflet "Extending your home" (L134922) covering what people need to know before embarking on major building works. Presents data from the RICS home improvements survey (Excel spreadsheet). | ||
| 590 | _aIKA190906 | ||
| 651 | 4 |
_aUnited Kingdom _y |
|
| 690 | _aPROPERTY-RESIDENTIAL PROPERTY-RESIDENTIAL PROPERTY MARKET | ||
| 856 | 4 | 0 |
_uhttps://www.rics.org/RICSWEB/getpage.aspx?p=X8uRcGvGsU-_Yv2Yf4PF7g _zView the news release free of charge at www.rics.org... |
| 942 | _n0 | ||
| 999 |
_c77712 _d77712 |
||